| 000 | 00731nam a22002417a 4500 | ||
|---|---|---|---|
| 005 | 20170124105915.0 | ||
| 010 | _aA-334474 | ||
| 020 |
_c275.00 _a8170000378 |
||
| 035 | _aA-334474 | ||
| 037 | _bCen Lib/Ret | ||
| 040 |
_aDPL _bEN |
||
| 082 |
_a020.8 _bLIB |
||
| 245 |
_aLibrarianship and library science education / _cedited by Sewa Singh |
||
| 246 | _b | ||
| 260 |
_bEss Ess Publications _c1988 _aNew Delhi |
||
| 270 |
_a 4837/24, Ansari Road , Dariya Ganj _bNew Delhi _e110002 |
||
| 300 |
_axv, 469p. _c21cm(Hb) |
||
| 500 | _aincludes index | ||
| 650 |
_aLibrary Sciences _9107177 |
||
| 650 |
_aManagement & Organisations _9107178 |
||
| 700 |
_aSewa Singh _9987 |
||
| 942 |
_2ddc _cEN _h020.8 _mLIB |
||
| 999 |
_c122757 _d122757 |
||